The second American revolution / (Record no. 9194)

MARC details
000 -LEADER
fixed length control field 00800cam a2200253 a 4500
001 - CONTROL NUMBER
control field 8194178
003 - CONTROL NUMBER IDENTIFIER
control field GBCCL
005 - DATE AND TIME OF LATEST TRANSACTION
control field 20241126110707.0
008 - FIXED-LENGTH DATA ELEMENTS--GENERAL INFORMATION
fixed length control field 820120s1982 ilua b 001 eng
010 ## -
-- 82001389
020 ## - INTERNATIONAL STANDARD BOOK NUMBER
International Standard Book Number 0891915729 (pbk.)
Canceled/invalid ISBN 0891915759
040 ## - CATALOGING SOURCE
Original cataloging agency DLC
Transcribing agency DLC
Modifying agency DAY
043 ## -
-- n-us---
082 0# - DEWEY DECIMAL CLASSIFICATION NUMBER
Classification number 342.730852
-- 347.302852
Edition information 19
Item number WHI
100 1# - MAIN ENTRY--PERSONAL NAME
Personal name Whitehead, John W.,
Dates associated with a name 1946-
9 (RLIN) 16000
245 14 - TITLE STATEMENT
Title The second American revolution /
Statement of responsibility, etc. John W. Whitehead ; illustrated by Wayne Stayskal
260 ## - PUBLICATION, DISTRIBUTION, ETC.
Place of publication, distribution, etc. Elgin, Ill. :
Name of publisher, distributor, etc. D.C. Cook Pub.,
Date of publication, distribution, etc. c1982
300 ## - PHYSICAL DESCRIPTION
Extent 253 p. :
Other physical details ill. ;
Dimensions 25 cm
500 ## - GENERAL NOTE
General note Includes index
504 ## - BIBLIOGRAPHY, ETC. NOTE
Bibliography, etc. note Bibliography: p. [229]-246
650 #0 - SUBJECT ADDED ENTRY--TOPICAL TERM
Topical term or geographic name entry element Freedom of religion
Geographic subdivision United States
9 (RLIN) 16001
650 #0 - SUBJECT ADDED ENTRY--TOPICAL TERM
Topical term or geographic name entry element Church and state
Geographic subdivision United States
9 (RLIN) 1009
942 ## - ADDED ENTRY ELEMENTS (KOHA)
Source of classification or shelving scheme Dewey Decimal Classification
Koha item type Books
Holdings
Withdrawn status Lost status Source of classification or shelving scheme Damaged status Not for loan Home library Current Library Shelving location Date acquired Total checkouts Full call number Barcode Date last seen Copy number Price effective from Koha item type
    Dewey Decimal Classification     GRACE BIBLE COLLEGE GRACE BIBLE COLLEGE General Studies 2022-05-13   342.730852 WHI 015577 2025-05-01 c.1 2022-05-13 Books
© Grace Bible College Library 2025